header

Danger to self (Record no. 45225)

MARC details
000 -LEADER
fixed length control field 01760nam a22003494a 4500
082 04 - DEWEY DECIMAL CLASSIFICATION NUMBER
Classification number 616.89/025
100 1# - MAIN ENTRY--AUTHOR NAME
Personal name Linde, Paul R.
245 10 - TITLE STATEMENT
Title Danger to self
260 ## - PUBLICATION, DISTRIBUTION, ETC. (IMPRINT)
Place of publication Berkeley :
Name of publisher University of California Press,
Year of publication c2010.
300 ## - PHYSICAL DESCRIPTION
Number of Pages xxiv, 253 p.
505 0# - FORMATTED CONTENTS NOTE
Formatted contents note The ER doc : who's calling the shots? -- The rookie : Bruno's man down -- The scrambler : how to prevent a murder -- The psychodynamo : learning to listen with a professional ear -- The jailer : if you want to go, you have to stay -- The jury : playing the suicide card -- The clairvoyant : whose life is it anyway? -- The speed cop : talking to Tina -- The witness : trauma underlies the pain -- The judge : playing God from a psychiatric standpoint.
650 #0 - SUBJECT ADDED ENTRY--TOPICAL TERM
Topical Term Psychiatric emergencies
856 40 - ELECTRONIC LOCATION AND ACCESS
Uniform Resource Identifier http://site.ebrary.com/lib/rucke/Doc?id=10351962

No items available.

© 2026 Rongo University
Contact us: librarian | system librarian | Rongo university